Fruits Quiz - Statistics

General Stats
  • This quiz has been taken 32 times
  • The average score is 12 of 16
Answer Stats
Picture Answer % Correct
Grapes
96%
Pineapple
96%
Apples
93%
Bananas
93%
Blueberries
93%
Water Melon
93%
Cherries
89%
Oranges
82%
Pomegranate
79%
Dragon Fruit
75%
Star Fruit
75%
Cantaloupe
68%
Lychee
68%
Passion Fruit
68%
Honeydew
54%
Cactus Pear
7%
No matching quizzes found
Score Distribution
Percent of People with Each Score
Percentile by Number Answered
Your Score History
You have not taken this quiz